Brawl Stars - Statistiques

Statistiques générales
  • Ce quiz a été pris 67 fois
    13 depuis la dernière actualisation
  • Le résultat moyen est 62 sur 92
Statistiques - réponses
Hint Réponse % Correct
Rare Colt
90%
Legendary Leon
90%
Rare Nita
90%
Legendary Chester
80%
Legendary Draco
80%
Super Rare Dynamike
80%
Rare El Primo
80%
Ultra Legendary Kaze
80%
Legendary Kit
80%
Epic Lola
80%
Legendary Meg
80%
Mythic Mortis
80%
Rare Poco
80%
Rare Rosa
80%
Common Shelly
80%
Legendary Spike
80%
Mythic Tara
80%
Super Rare Tick
80%
Legendary Amber
70%
Epic Angelo
70%
Epic Berry
70%
Epic Bo
70%
Mythic Buster
70%
Mythic Buzz
70%
Super Rare Carl
70%
Mythic Chuck
70%
Super Rare Darryl
70%
Epic Edgar
70%
Epic Emz
70%
Mythic Finx
70%
Epic Frank
70%
SuperRare Gus
70%
Mythic Jae-Yong
70%
Legendary Kenji
70%
Mythic Lily
70%
Mythic Lou
70%
Mythic Lumi
70%
Epic Mandy
70%
Mythic Max
70%
Mythic Melodie
70%
Mythic Mico
70%
Mythic Mr P
70%
Mythic Ollie
70%
Super Rare Penny
70%
Epic Piper
70%
Epic Sam
70%
Epic Shade
70%
Mythic Sprout
70%
Legendary Surge
70%
Mythic Willow
70%
Super Rare 8-Bit
60%
Epic Ash
60%
Rare Barley
60%
Epic Bea
60%
Epic Belle
60%
Epic Bibi
60%
Epic Bonnie
60%
Rare Brock
60%
Rare Bull
60%
Mythic Byron
60%
Mythic Charlie
60%
Mythic Clancy
60%
Epic Colette
60%
Legendary Cordelius
60%
Legendary Crow
60%
Mythic Doug
60%
Mythic Eve
60%
Mythic Fang
60%
Epic Gale
60%
Mythic Gene
60%
Mythic Grey
60%
Epic Griff
60%
Epic Grom
60%
Epic Hank
60%
Super Rare Jacky
60%
Mythic Juju
60%
Epic Larry&Lawrie
60%
Epic Maisie
60%
Mythic Moe
60%
Mythic Otis
60%
Epic Pearl
60%
Mythic R-T
60%
Mythic Ruffs
60%
Legendary Sandy
60%
Mythic Squeak
60%
Epic Stu
60%
Mythic Janet
50%
Super Rare Jessie
50%
Rare Meeple
50%
Epic Nani
50%
Epic Pam
50%
Super Rare Rico
50%
Aucun quiz correspondant
Distribution des résultats
% des personnes avec chaque résultat
Percentile par nombre de réponses
Votre historique - résultats
Vous n’avez pas pris ce quiz depuis la dernière actualisation